000 00379nam a2200133Ia 4500
008 220217s9999||||xx |||||||||||||| ||und||
020 _a9788126511167
100 _aDuda, Richard, O Hart, Peter, E & Stork, David
_92893
245 0 _aPattern classification
250 _a2nd
260 _aWiley india
_bNew Delhi
_c2010
300 _aXX, 654p.
_b569
650 _aMATHEMATICS
999 _c182859
_d182859